| 000 | 01071nam a22002537a 4500 | ||
|---|---|---|---|
| 001 | 6163 | ||
| 003 | FISKH | ||
| 005 | 20250321110533.0 | ||
| 008 | 250321b cb ||||| |||| 00| 0 eng d | ||
| 020 | _a9780746029992 | ||
| 040 |
_aFISKH _beng _cFISKH _dFISKH |
||
| 050 | _aQE432.2 | ||
| 082 | _a552 | ||
| 100 | _aMiles, Lisa | ||
| 245 |
_aRocks & minerals sticker book : _bUsborne spotter's guides / _cEdited by Lisa Miles ; Designed by Fiona Johnson and Karen Webb ; Line illustrations by Guy Smith ; Photographs by Mike Freeman ; Cover illustration by Ian Jackson |
||
| 250 | _aFirst Published in America March 1998 | ||
| 260 |
_aLondon : _bUsborne Publishing, _c1997. |
||
| 300 |
_a15 pages : _bcolor illustrations ; _c27 cm |
||
| 520 | _aThis sticker book introduces rocks and minerals as an aspect of the natural world. It helps the user to identify different types with over 100 reusable stickers. | ||
| 650 |
_aEarth Science _vPicture Book _xReference Rocks _yPlanet |
||
| 700 |
_aJackson, Ian _eIllustrator |
||
| 942 |
_2ddc _cBK _n0 |
||
| 999 |
_c6163 _d6163 |
||